LEADER 01548nam a2200277 i 4500 001 000000145799 003 CaOOAMICUS 005 20051209000000.0 008 051209s1975 it u000 u ita u 013 $a121191 040 $aSeMil$bita 100 1 $aAmbrosoli, Luigi.$0(OLS)http://semarc/name/6448 245 12$aI periodici operai e socialisti di Varese dal 1860 al 1926 :$bBibliografia e storia /$cLuigi Ambrosoli. 260 $aMilano :$bSugarCo,$cStampa 1975. 300 $a139 p. ;$c21 cm. 490 0 $aBiblioteca di storia lombarda moderna e contemporanea ;$v. Fonti e Sussidi ; 3 490 0 $aBiblioteca di storia lombarda moderna e contemporanea. Fonti e sussidi ;$v3 650 4$aMovimento operaio - Periodici - Varese - 1860-1926 - Bibliografia.$0(OLS)http://semarc/subject/28528 650 4$aSocialismo - Periodici - Varese - 1860-1926 - Bibliografia.$0(OLS)http://semarc/subject/28529 830 0$aBiblioteca di storia lombarda moderna e contemporanea ;$v. Fonti e Sussidi ; 3.$0(OLS)http://semarc/title/19766 830 0$aBiblioteca di storia lombarda moderna e contemporanea. Fonti e sussidi ;$v3.$0(OLS)http://semarc/title/19791 850 $aSeMil 852 $aSeMil$W1$xVenegono$y1$m3O I 14$j98524$B98524$CSeMilBibl$Z2$F107111 $81 961 $aOmaggio: Biblioteca Seminario Seveso (dal 1998) 996 $6245$aI periodici operai e socialisti di Varese dal 1860 al 1926 :$bBibliografia e storia$9(OLS)http://semarc/title/213172 996 $6260$aMilano :$bSugarCo$9(OLS)http://semarc/publisher/30260 LEADER 00998nam a2200181 i 4500 001 000000235454 003 CaOOAMICUS 005 20141110000000.0 008 141110s1825 it u000 u ita u 013 $a214358 026 $a2.n- o.t- 0.7. lela (7) 1825 (A) 040 $aSeMil$bita 245 10$aOttobre. 300 $a430 p. 773 0 $aButler, Alban <1710-1773>$tVite dei padri, dei martiri e degli altri principali santi tratte dagli atti originali e da' piu autentici monumenti con note istoriche e critiche opera dall'originale inglese dell'Ab. Albano Butler. Recata liberamente in francese dall'Ab. Gian-Francesco Godescard e dal francese giusta l'ultima edizione di Versailles 1818 a 1820 fedelmante volgarizzata ed arricchita di alcune aggiunte. Tomo 1. [-20.].$dVenezia : Presso Giuseppe Battaggia, 1823-1826.$g14$w()30896 850 $aSeMil 852 $aSeMil$W1$xVenegono$y1$m3A III 61 FA$j185800$B185800$CSeMilBibl$Z2$F196719 $8I 996 $6245$aOttobre$9(OLS)http://semarc/title/271415